Statistics for Municipis de la comarca de l'Alt Penedès (Catalunya)

Click here to take the quiz!

General Stats

  • This quiz has been taken 88 times
  • The average score is 14 of 27

Answer Stats

HintAnswer% Correct
VPVilafranca del Penedès
96%
SSASant Sadurní d'Anoia
80%
GGelida
76%
SQMSant Quintí de Mediona
68%
APAvinyonet del Penedès
64%
PPPacs del Penedès
64%
GLa Granada
60%
SLHSant Llorenç d'Hortons
60%
SSubirats
60%
MMediona
56%
OOlèrdola
56%
SMSSant Martí Sarroca
52%
CGCastellet i la Gornal
48%
OBOlesa de Bonesvalls
48%
PPontons
48%
PPuigdàlber
48%
SMMSanta Margarida i els Monjos
48%
SCSSant Cugat Sesgarrigues
48%
VPVilobí del Penedès
48%
PPEl Pla del Penedès
44%
SFPSanta Fe del Penedès
44%
SPRSant Pere de Riudebitlles
44%
CLes Cabanyes
40%
TTorrelavit
40%
CMCastellví de la Marca
36%
FFont-rubí
36%
TFTorrelles de Foix
36%

Score Distribution

Percentile by Number Answered

Percent of People with Each Score

Your Score History

You have not taken this quiz